Miss Supranational Winning Countries - Statistics

General Stats
  • This quiz has been taken 25 times
    12 since last reset
  • The average score is 14 of 16
Answer Stats
Hint Answer % Correct
2025 Brazil
100%
2014 India
100%
2016 India
100%
2024 Indonesia
100%
2013 Philippines
100%
2022 South Africa
100%
2019 Thailand
100%
2011 Poland
91%
2018 Puerto Rico
91%
2023 Ecuador
82%
2021 Namibia
82%
2012 Belarus
73%
2017 Korea
73%
2009 Ukraine
73%
2015 Paraguay
64%
2010 Panama
45%
No matching quizzes found
Score Distribution
Percent of People with Each Score
Percentile by Number Answered
Your Score History
You have not taken this quiz since the last reset